Canzoni di Glocky - Statistics

Statistiche generali
  • Questo quiz è stato fatto 38 volte
  • Il punteggio medio è 26 su 34
Statistiche sulle risposte
Album Anno Feat Risposta % Corretto
WE 2FLY 2024 Faneto ADDERALL
88%
Northside Melodies 2024 - Problem Solver
88%
Northside Melodies 2024 Fashion Forty Stare Senza
88%
Northside Melodies 2024 - Baddie
85%
Northside Melodies 2024 - Guerra Persa
85%
Northside Melodies 2024 Low-Red Landing
85%
WE 2FLY 2024 Faneto MOLLY ROSA
85%
Northside Melodies 2024 Luchetto Ridendo Nella Banca
85%
Northside Melodies 2024 - Fuori Controllo
81%
Glocky vs Kiddo 2024 - 1000 Lettere
77%
WE 2FLY 2024 Faneto 11 PM IN PORTOFINO
77%
Northside Melodies 2024 Waze RRX Hai Preso Le Pillole?
77%
Northside Melodies 2024 - Kyddo
77%
Northside Melodies 2024 - Lane Switch
77%
Glocky vs Kiddo 2024 Fashion Forty, Waze RRX Pink Music
77%
Glocky vs Kiddo 2024 - Registrando In Ecstasy
77%
Glocky vs Kiddo 2024 - Rich Drunk Sex
77%
WE 2FLY 2024 Faneto SUPERTRAPPERS
77%
Northside Melodies 2024 - Trattarti Meglio
77%
Glocky vs Kiddo 2024 Nerissima Serpe Frigo Vuoto
73%
- 2023 Fashion Forty, Latrelle Northside Babies
73%
Glocky vs Kiddo 2024 Faneto Ready Set Go
73%
Glocky vs Kiddo 2024 - Soffrire Mi Serve
73%
WE 2FLY 2024 Faneto ME O NOI
69%
- 2025 - No iPhone
69%
Northside Melodies 2024 - Truth Talk
69%
WE 2FLY 2024 Faneto TWINNY FLOW
69%
Glocky vs Kiddo 2024 - Extraterreno
65%
Glocky vs Kiddo 2024 - Me Lo Sentivo
65%
Glocky vs Kiddo 2024 - SCREAM!
65%
Northside Melodies 2024 - Sembra Cap
65%
Glocky vs Kiddo 2024 - Tutto Ok
65%
Glocky vs Kiddo 2024 - Odio Questi Giorni
62%
Northside Melodies 2024 - Spariti
58%
Nessun quiz corrispondente trovato
Distribuzione punteggi
Percentuale di utenti per punteggio
Percentile per numero di risposta
I tuoi punteggi nel tempo
Non hai fatto questo quiz